La novela modernista latinoamericana /
Enregistré dans:
| Auteur principal: | |
|---|---|
| Format: | Inconnue |
| Langue: | Spanish |
| Publié: |
San José, Costa Rica :
Vicerrectoría de Investigación, Universidad de Costa Rica,
1994.
|
| Collection: | (Serie Conferencias ;
6) |
| Sujets: | |
| Tags: |
Ajouter un tag
Pas de tags, Soyez le premier à ajouter un tag!
|
MARC
| LEADER | 000000000a22000000004500 | ||
|---|---|---|---|
| 001 | 003462 | ||
| 041 | 0 | |a spa | |
| 082 | 0 | 4 | |a A863.09 |b M665n |
| 100 | 1 | |a Meyer Minnemann, Klaus | |
| 245 | 1 | 3 | |a La novela modernista latinoamericana / |c Klaus Meyer Minnemann. |
| 260 | 1 | |a San José, Costa Rica : |b Vicerrectoría de Investigación, Universidad de Costa Rica, |c 1994. | |
| 300 | |a 20 páginas | ||
| 490 | 1 | |a (Serie Conferencias ; |v 6) | |
| 500 | |a Esta biblioteca cuenta con dos ejemplares de este libro. | ||
| 650 | 4 | |a LITERATURA LATINOAMERICANA | |
| 650 | 4 | |a HISTORIA Y CRITICA | |
| 650 | 4 | |a NOVELA | |
| 650 | 4 | |a MODERNISMO (LITERATURA) | |
| 650 | 4 | |a LITERATURA Y SOCIEDAD | |
| 999 | |c 9684 |d 9684 | ||
| 942 | |c BK |h A863.09 M665n |2 z | ||
